[Event "Challenge"]
[Site "http://www.queenalice.com/game.php?id=839793"]
[Date "2010.9.29"]
[Round "-"]
[White "SexMachineX"]
[Black "niarchos"]
[Result "1-0"]
[WhiteElo "990"]
[BlackElo "1100"]

1. e4 e5 2. Nf3 Nf6 3. Nc3 Nc6 4. Bc4 a6 5. Ng5 b5 6. Bb3 Bb7 7. Nxf7 Qc8 8.
Nxh8 Nb4 9. O-O g5 10. Qf3 Be7 11. d3 g4 12. Qe3 c5 13. Qg5 Nxe4 14. Qg7 d5 15.
Qxh7 Ng5 16. Qg7 c4 17. Ng6 Ne6 18. Qxe7# 1-0

[Event "Challenge"]
[Site "http://www.queenalice.com/game.php?id=839921"]
[Date "2010.9.30"]
[Round "-"]
[White "marcelohr"]
[Black "niarchos"]
[Result "0-1"]
[WhiteElo "1311"]
[BlackElo "886"]

1. e4 e5 2. Nf3 Bc5 3. Nxe5 Nf6 4. Bc4 O-O 5. d4 Nxe4 6. dxc5 Nxc5 7. Nc3 Re8 8.
Bf4 Nc6 9. Qd4 Nxd4 10. O-O-O d6 11. Rxd4 g5 12. Bxf7+ Kf8 13. Bxe8 Kxe8 14. Be3
Qe7 15. Rc4 Qxe5 16. Bxc5 dxc5 17. Re1 Qxe1+ 18. Nd1 b6 19. g3 h5 20. f4 Bg4 21.
b4 Qxd1+ 22. Kb2 a5 23. bxc5 Rd8 24. cxb6 Rb8 25. Ka3 Rxb6 26. Rxc7 Qd6+ 27. Ka4
Qxc7 28. fxg5 Qc4+ 29. Kxa5 Qb5# 0-1

[Event "Challenge"]
[Site "http://www.queenalice.com/game.php?id=841240"]
[Date "2010.10.3"]
[Round "-"]
[White "SexMachineX"]
[Black "niarchos"]
[Result "1-0"]
[WhiteElo "1063"]
[BlackElo "973"]

1. e4 e5 2. Qf3 Nf6 3. Nh3 d5 4. Nc3 d4 5. Na4 Nc6 6. Bc4 Be6 7. Qb3 Nxe4 8. O-O
b5 9. Qxb5 Qd7 10. f3 Nxd2 11. Bxd2 Bb4 12. Bxe6 Qxe6 13. Bxb4 Rd8 14. Rae1 f6
15. f4 Rf8 16. fxe5 f5 17. Nc5 Qxa2 18. Qxc6+ Kf7 19. Rxf5+ Kg8 20. Nf4 Qxb2 21.
Qe6+ Kh8 22. Qe7 d3 23. Rxf8+ Rxf8 24. Qxf8# 1-0

[Event "Challenge"]
[Site "http://www.queenalice.com/game.php?id=841431"]
[Date "2010.10.3"]
[Round "-"]
[White "Mulder"]
[Black "niarchos"]
[Result "0-1"]
[WhiteElo "1445"]
[BlackElo "944"]

1. e4 e5 2. Nf3 Nf6 3. Nc3 d5 4. Nxe5 dxe4 5. d4 Nc6 6. Be3 Bg4 7. Be2 h5 8.
Nxg4 hxg4 9. Bxg4 Nb4 10. a3 Nxg4 11. Qxg4 Nxc2+ 12. Ke2 Rh4 13. Qxe4+ Rxe4 14.
Nxe4 Nxd4+ 15. Kf1 Nc2 16. Rc1 Qd3+ 17. Kg1 Rd8 18. g4 b6 19. Kg2 Qxe4+ 20. Kh3
Nxe3 21. fxe3 Qxe3+ 22. Kh4 Qh6+ 23. Kg3 Rd3+ 24. Kf2 Qf4+ 25. Kg2 Qd2+ 26. Kf1
Qxc1+ 27. Kg2 Qc2+ 0-1

[Event "Challenge"]
[Site "http://www.queenalice.com/game.php?id=841432"]
[Date "2010.10.3"]
[Round "-"]
[White "niarchos"]
[Black "Mulder"]
[Result "0-1"]
[WhiteElo "1086"]
[BlackElo "1458"]

1. e4 e5 2. Nf3 Nc6 3. c4 d6 4. Nc3 Nf6 5. h3 Nd4 6. g4 h6 7. g5 hxg5 8. Nxg5 c5
9. Qa4+ Bd7 10. Qa3 Nc2+ 11. Ke2 Nxa3 12. bxa3 Be7 13. a4 Nh5 14. h4 Nf4+ 15.
Ke1 Bxg5 16. d4 Qa5 17. Rb1 Bg4 18. dxe5 Qxc3+ 19. Bd2 Nd3+ 20. Bxd3 Bxd2+ 21.
Kf1 Qxd3+ 22. Kg2 Bf3+ 23. Kh3 Bxh1+ 24. Kh2 Qxb1 25. exd6 Rxh4+ 26. Kg3 Qxe4
27. d7+ Kxd7 28. f3 Bxf3 29. Kf2 Be1+ 30. Kg1 Rh1# 0-1

[Event "Challenge"]
[Site "http://www.queenalice.com/game.php?id=841882"]
[Date "2010.10.4"]
[Round "-"]
[White "niarchos"]
[Black "nemesiswt"]
[Result "0-1"]
[WhiteElo "1084"]
[BlackElo "1662"]

1. e4 e5 2. h4 h5 3. a4 a5 4. c4 Be7 5. d4 Bb4+ 6. Nc3 Nc6 7. Bg5 f6 8. Bd2 exd4
9. Nd5 Nge7 10. f4 d6 11. f5 Nxd5 12. cxd5 Ne5 13. Nf3 c5 14. Kf2 Ng4+ 15. Kg1
Ne3 16. Bb5+ Bd7 17. Qe1 Nc2 18. Qg3 Nxa1 19. Qxd6 Bxb5 20. Bf4 Qxd6 21. Bxd6
Kd7 22. Bf4 Bxa4 23. Kh2 Nc2 24. e5 fxe5 25. Nxe5+ Ke8 26. Ng6 Rg8 27. Rf1 Bb5
28. Rc1 d3 29. Rd1 Nd4 30. f6 gxf6 31. d6 Kd7 32. g4 Rxg6 33. g5 fxg5 34. hxg5
Nf3+ 35. Kg3 Nxg5 36. Rh1 Ne6+ 37. Kf3 Bc6+ 38. Kf2 Bxh1 39. Bg3 Rf8+ 40. Ke3
Rxg3# 0-1

[Event "Challenge"]
[Site "http://www.queenalice.com/game.php?id=843508"]
[Date "2010.10.9"]
[Round "-"]
[White "niarchos"]
[Black "Did60"]
[Result "0-1"]
[WhiteElo "1084"]
[BlackElo "1104"]

1. e4 g6 2. d4 b6 3. c4 d6 4. d5 e5 5. h4 f5 6. c5 dxc5 7. exf5 gxf5 8. Bg5 Qd7
9. a4 Bb7 10. Bb5 c6 11. Be2 h6 12. Nc3 hxg5 13. d6 gxh4 14. Bh5+ Kd8 15. g4
fxg4 16. Bxg4 Qf7 17. Qd2 Ba6 18. Qg5+ Nf6 19. Ne4 Rh6 20. f3 Nd7 21. a5 bxa5
22. Rxa5 Bd3 23. b4 cxb4 24. Nc5 Bb1 25. Be6 Qe8 26. Ra6 Nxc5 27. Qxe5 Nd3+ 28.
Kd1 Nxe5 29. f4 Bd3 30. Ra5 Qxe6 31. Rxe5 Qxd6 32. Nf3 Bc4+ 33. Kc1 Qd3 34. Rd1
Qd7 35. Ng5 Bg8 36. f5 Bd6 37. Re2 Qxf5 38. Rxd6+ Kc7 39. Red2 Qxg5 0-1

[Event "Challenge"]
[Site "http://www.queenalice.com/game.php?id=843509"]
[Date "2010.10.9"]
[Round "-"]
[White "markgrim83"]
[Black "niarchos"]
[Result "0-1"]
[WhiteElo "951"]
[BlackElo "944"]

1. e3 e5 2. c4 c5 3. Nc3 f5 4. g3 e4 5. b3 a5 6. Bh3 g6 7. f4 h5 8. Nge2 Nc6 9.
Nd5 Nb4 10. Ndc3 Nd3+ 11. Kf1 h4 12. gxh4 Qxh4 13. Ng1 Qf2# 0-1

[Event "Invitation"]
[Site "http://www.queenalice.com/game.php?id=843625"]
[Date "2010.10.9"]
[Round "-"]
[White "tucuman"]
[Black "niarchos"]
[Result "1-0"]
[WhiteElo "1628"]
[BlackElo "984"]

1. c4 e5 2. e4 c5 3. d3 g5 4. h3 h5 5. a3 h4 6. Nf3 Nf6 7. Bxg5 Be7 8. Bd2 a5 9.
Be2 d5 10. Nxe5 d4 11. Nf3 Nc6 12. Bg5 Rb8 13. Bxh4 b5 14. b3 bxc4 15. bxc4 Nh5
16. Bg3 Rb2 17. O-O Bd6 18. Nbd2 f5 19. Bxd6 Qxd6 20. Rb1 Ra2 21. Nh4 f4 22. Nf5
Ne7 23. Nxd6+ Kd8 24. Nf7+ Kc7 25. Nxh8 Rxa3 26. Bxh5 f3 27. Rb3 fxg2 28. Kxg2
Ra4 29. Qf3 Ra2 30. Qf4+ Kd8 31. Qd6+ Bd7 32. Rb8+ Nc8 33. Nf7+ Ke8 34. Rxc8+
Bxc8 35. Qd8# 1-0

[Event "Challenge"]
[Site "http://www.queenalice.com/game.php?id=846374"]
[Date "2010.10.15"]
[Round "-"]
[White "niarchos"]
[Black "carloscolangelo"]
[Result "0-1"]
[WhiteElo "1056"]
[BlackElo "1500"]

1. d4 e6 2. e4 c5 3. c3 cxd4 4. cxd4 d5 5. e5 Bb4+ 6. Bd2 Nc6 7. a3 Bxd2+ 8.
Nxd2 Nxd4 9. Qa4+ Bd7 10. Qxd4 Nh6 11. a4 Nf5 12. Qb4 a5 13. Qxb7 Nd4 14. Ngf3
Nc2+ 15. Kd1 Nxa1 16. Nb3 Nxb3 17. Qxb3 Rb8 18. Qe3 Rxb2 19. Nd4 Bxa4+ 20. Kc1
Qb8 21. Bb5+ Rxb5 22. Nxb5 Qxb5 23. Kd2 O-O 24. g4 Qb2+ 25. Kd3 Qc2+ 26. Kd4 Rc8
27. Qd3 Rc4+ 28. Ke3 Rc3 29. Qxc3 Qxc3+ 30. Ke2 d4 31. h4 d3+ 32. Kf3 d2+ 33.
Kf4 d1=Q 34. Rxd1 Bxd1 35. g5 Qf3# 0-1

[Event "Challenge"]
[Site "http://www.queenalice.com/game.php?id=851903"]
[Date "2010.10.28"]
[Round "-"]
[White "niarchos"]
[Black "tucuman"]
[Result "0-1"]
[WhiteElo "1056"]
[BlackElo "1602"]

1. a4 e5 2. b4 Bxb4 3. c4 Bc5 4. e4 Qf6 5. Nf3 d6 6. g4 Bxg4 7. Bg2 Bxf3 8. Bxf3
Nh6 9. h4 Ng4 10. Qe2 Bxf2+ 11. Kd1 Bd4 12. Nc3 Bxc3 13. dxc3 Nh6 14. Bg5 Qe6
15. Rb1 Nc6 16. Kc2 Na5 17. c5 Qa2+ 0-1

[Event "Challenge"]
[Site "http://www.queenalice.com/game.php?id=856008"]
[Date "2010.11.7"]
[Round "-"]
[White "tucuman"]
[Black "niarchos"]
[Result "1-0"]
[WhiteElo "1598"]
[BlackElo "1056"]

1. c4 c5 2. e4 e5 3. d3 d6 4. h3 h6 5. a3 a6 6. Nc3 Nc6 7. Nf3 Nf6 8. Be2 Be7 9.
Be3 Be6 10. Qc2 Qc7 11. Nd5 Qa5+ 12. Bd2 1-0

[Event "Challenge"]
[Site "http://www.queenalice.com/game.php?id=955824"]
[Date "2011.7.1"]
[Round "-"]
[White "niarchos"]
[Black "carloscolangelo"]
[Result "0-1"]
[WhiteElo "1056"]
[BlackElo "1453"]

1. d4 e6 2. c4 c5 3. d5 Nf6 4. d6 Ne4 5. Bf4 Nc6 6. Nc3 Ng5 7. Nf3 h6 8. h4 e5
9. Nxe5 Nxe5 10. Bxe5 Ne6 11. g3 f6 12. Bf4 Nxf4 13. gxf4 Qb6 14. Nb5 Kd8 15.
Qd5 a6 16. Nc7 Ra7 17. Rd1 Qxb2 18. Qe4 Qc3+ 19. Rd2 Bxd6 20. Nd5 Qa1+ 21. Rd1
Qxa2 22. Nb6 Qa5+ 23. Rd2 Qxb6 24. f3 Qb4 25. Rg1 g5 26. f5 b5 27. Qd3 bxc4 28.
Qxd6 c3 29. Qxf6+ Kc7 30. Qd6+ Kb7 31. Rc2 Qb1+ 32. Qd1 Qxd1+ 33. Kxd1 gxh4 34.
Rxc3 d6 35. e4 d5 36. exd5 Bxf5 37. Rxc5 Rc8 38. Rg7+ Kb8 39. Rc6 Rxg7 40. Rxa6
Rg1 41. Ke1 h3 42. Rxh6 Rc3 43. Rh8+ Kc7 44. Re8 h2 45. Re5 h1=Q 46. Rxf5 Rxf1+
47. Kd2 Rcxf3 48. Rxf3 Qxf3 49. d6+ Kxd6 50. Kc2 Rf2+ 51. Kc1 Qh1# 0-1

[Event "Challenge"]
[Site "http://www.queenalice.com/game.php?id=958451"]
[Date "2011.7.8"]
[Round "-"]
[White "niarchos"]
[Black "adrack"]
[Result "1-0"]
[WhiteElo "1056"]
[BlackElo "1100"]

1. d4 c6 2. e4 e6 3. e5 Na6 4. Nf3 Qa5+ 5. Nc3 Bb4 6. a3 Bxc3+ 7. Bd2 Bxd2+ 8.
Qxd2 Qb6 9. b4 Nc7 10. a4 f6 11. a5 Qxd4 12. Qxd4 Nd5 13. g4 b6 14. a6 h5 15. g5
fxe5 16. Qxe5 Kf8 17. Bd3 Nxb4 18. Qd6+ Ne7 19. Bg6 b5 20. Qxb4 d5 21. Ne5 Rb8
22. f4 h4 23. f5 exf5 24. Rf1 Rb6 25. Bxf5 Rh5 26. Bxc8+ Ke8 27. Qd6 Nxc8 28.
Qf8# 1-0